| 000 | 01625cam a2200349Ii 4500 | ||
|---|---|---|---|
| 001 | 9780203803981 | ||
| 008 | 180706s2012 enk ob 001 0 eng d | ||
| 020 |
_a9780203803981 _q(e-book : PDF) |
||
| 020 |
_a9781136637384 _q(e-book: PDF) |
||
| 020 |
_a9781136637339 _q(e-book: Mobi) |
||
| 020 |
_a9781136637377 _q(e-book: ePub) |
||
| 020 |
_z9780415619103 _q(hardback) |
||
| 020 |
_z9780415823951 _q(paperback) |
||
| 024 | 7 |
_a10.4324/9780203803981 _2doi |
|
| 040 |
_aKO _beng |
||
| 041 | 0 | _aeng | |
| 082 | 0 | 4 |
_a346.046916416 _bT255 |
| 100 | 1 |
_aTechera, Erika J., _eauthor. |
|
| 245 | 1 | 0 |
_aMarine environmental governance : _bfrom international law to local practice / _cErika J. Techera. |
| 264 | 1 |
_aAbingdon, Oxon : _bRoutledge, _c2012. |
|
| 300 | _a1 online resource (xxiv, 283 pages) | ||
| 500 | _a"A GlassHouse book." | ||
| 504 | _aIncludes bibliographical references (pages [255]-275) and index. | ||
| 505 | 0 | _a1. Introduction -- 2. Sustainable development : theory, practice and law -- 3. Marine environmental law, fisheries and small island states -- 4. Communities and conservation -- 5. Customary law and post-colonial societies -- 6. Law, custom and conservation in the Pacific -- 7. Legal frameworks for community-based marine management -- 8. Conclusion. | |
| 650 | 0 |
_aMarine resources conservation _xLaw and legislation. |
|
| 650 | 0 | _aEnvironmental law, International. | |
| 650 | 0 |
_aMarine resources conservation _xLaw and legislation _zPacific Area. |
|
| 856 | 4 | 0 |
_uhttps://www.taylorfrancis.com/books/9781136637384 _zClick here to view. |
| 904 | _aRUDRA_R | ||
| 905 | _aR_RANJAN | ||
| 942 | _cEB | ||
| 999 |
_c3002 _d3002 |
||